| 000 | 00635nam a2200241Ia 4500 | ||
|---|---|---|---|
| 008 | 160803s9999 xx 000 0 und d | ||
| 020 | _a0 439632404 | ||
| 100 | _aWood, Audrey | ||
| 245 | _aKing Bidgood's in the bathtub / | ||
| 245 | _cwritten by Audrey Wood ; illustrated by Don Wood. | ||
| 260 | _aNew York : | ||
| 260 | _bScholastic Inc. | ||
| 260 | _c1985 | ||
| 300 | _a1 volume (unpaged) : | ||
| 300 | _bcolor illustrations ; | ||
| 300 | _c27 cm | ||
| 650 | _aBaths -- | ||
| 650 | _aKings, queens, rulers, etc. -- | ||
| 650 | _aPicture books. | ||
| 650 | _xFiction. | ||
| 650 | _xFiction. | ||
| 700 | _a310 | ||
| 999 |
_c299287 _d299287 |
||